Mikan waka shiryōshū. Dai 3-satsu /
Saved in:
| Other Authors: | |
|---|---|
| Format: | Book |
| Language: | Japanese |
| Published: |
Ōbu-chō (Aichi-ken) :
Yanase Kazuo,
Shōwa 40 [1965]
|
| Series: | Hekichūdō sōsho ;
dai 60-shū. |
| Subjects: | |
| Tags: |
Add Tag
No Tags, Be the first to tag this record!
|
| LEADER | 01724nam a2200397ui 4500 | ||
|---|---|---|---|
| 001 | 007796820-4 | ||
| 005 | 20024617121422.0 | ||
| 008 | 911001s1965 ja 000 0 jpn d | ||
| 035 | 0 | |a ocm33723573 | |
| 040 | |a *LWU* |b jpn |c *LWU* |d OCoLC |d *YNH* |d CStRLIN | ||
| 245 | 0 | 0 | |6 880-01 |a Mikan waka shiryōshū. |n Dai 3-satsu / |c Yanase Kazuo ... [et al.] kyōhen. |
| 260 | |6 880-02 |a Ōbu-chō (Aichi-ken) : |b Yanase Kazuo, |c Shōwa 40 [1965] | ||
| 300 | |a 90 p. ; |c 21 cm. | ||
| 490 | 1 | |6 880-03 |a Hekichūdō sōsho ; |v dai 60-shū | |
| 500 | |6 880-04 |a Mimeographed. | ||
| 500 | |6 880-05 |a Hibaihin. | ||
| 500 | |6 880-06 |a Genteiban. | ||
| 505 | 0 | |6 880-07 |a Suemichi Ason shū (Mito Shōkōkan shozōbon) -- Tonʾa Hōshi shū (fukugenbon) -- Kasugasha hōnō jisshu waka / Fujiwara Tamehisa -- Kankyo ajiro daijin kashū utsushi. | |
| 653 | |6 880-08 |a Waka |a Kashū. | ||
| 650 | 0 | |a Waka. | |
| 650 | 0 | |a Waka |x History and criticism. | |
| 700 | 1 | |6 880-09 |a Yanase, Kazuo, |d 1912- | |
| 880 | 0 | 0 | |6 245-01 |a 未刊和歌資料集. |n 第3冊 / |c 簗瀨一雄 ... [et al.]共編. |
| 880 | |6 260-02 |a 大府町(愛知県) : |b 簗瀨一雄, |c 昭和40 [1965] | ||
| 880 | 1 | |6 490-03 |a 碧冲洞叢書 ; |v 第60輯 | |
| 880 | |6 500-04 |a 謄写版. | ||
| 880 | |6 500-05 |a 非売品. | ||
| 880 | |6 500-06 |a 限定版. | ||
| 880 | 0 | |6 505-07 |a 季道朝臣集(水戶彰考館所蔵本) -- 頓阿法師集(復原本) -- 春日社奉納十首和歌/ 藤原為久 -- 寬居足代大人歌集写. | |
| 880 | |6 653-08 |a 和歌 |a 歌集. | ||
| 880 | 1 | |6 700-09 |a 簗瀨一雄, |d 1912- | |
| 830 | 0 | |6 880-53 |a Hekichūdō sōsho ; |v dai 60-shū. | |
| 880 | 0 | |6 830-53 |a 碧冲洞叢書 ; |v 第60輯. | |
| 886 | 2 | |2 jpnmarc |a 677 |b 911.108 | |
| 988 | |a 20021220 | ||
| 906 | |0 OCLC | ||


